000 00772nas a2200253 4500
001 BR8707465
003 BR-BrBNA
005 20231205090932.0
007 ta
008 230509b bl.|||p| |||| 00| 00por d
040 _aBR-BrBNA
_bpor
_cBiblioteca Nacional de Agricultura
041 _a(Pt)
072 _aF01; U10
100 1 _aStolf, R.
100 1 _aIaia, A.M.
100 1 _aLee, T.S.G.
245 1 _aIndice de falha segundo o metodo de stolf: correlacao com o rendimento agricola em cana-planta
650 _aCANA DE ACUCAR
650 _aPRATICA CULTURAL
650 _aMODELO MATEMATICO
773 0 _tBrasil Acucareiro (Brazil)
_xISSN 0006-9167
_g(1986), v. 104(5-6) p. 44-50
_wBR8707465
909 _a202311
_bLúcia
_c55
_dLúcia Elande
942 _2AGRIS
_n0
_cANA
999 _c121730
_d121730